| 000 | 00346pab a2200145 454500 | ||
|---|---|---|---|
| 008 | 180718b1999 xxu||||| |||| 00| 0 eng d | ||
| 100 | _aKapoor, H.L. | ||
| 245 | _aInquiry commissions: government inaction and legal strictures | ||
| 260 | _c1999 | ||
| 300 | _ap.8 | ||
| 362 | _a16 Nov | ||
| 650 | _aLaw | ||
| 773 | _aStatesman | ||
| 909 | _a44396 | ||
| 999 |
_c44396 _d44396 |
||